| 000 | 00000nam 2200000za 4500 |
| 001 | 9.844191 |
| 003 | CaOODSP |
| 005 | 20221107152706 |
| 007 | cr ||||||||||| |
| 008 | 180201s2013 onc|||| o f000 0 eng |
| 020 | |a978-0-660-09859-3 |
| 040 | |aCaOODSP|beng |
| 043 | |an-cn--- |
| 086 | 1 |aBT43-145/2013E-PDF |
| 110 | 1 |aCanada. |bTreasury Board. |
| 245 | 10|aOccupational health evaluation standard |h[electronic resource]. |
| 260 | |aOttawa : |bTreasury Board of Canada, Secretariat, |cc2013. |
| 300 | |a[10] p. (un-numbered pages) |
| 500 | |aIssued also in French under title: Norme d'évaluation de santé professionnelle. |
| 500 | |a"Published: Oct 11, 2013." |
| 500 | |aAlso available in HTML format. |
| 504 | |aIncludes bibliographic references. |
| 520 | 0 |a"Outlines requirements for departments and agencies in ensuring that a) employees can meet the health requirements of their work; b) they can do their work with minimum risk to themselves or others of incurring illness, injury or disability that may arise out of the conditions of work; and c) the conditions under which employees with illnesses, injuries or disabilities can continue working"--Provided by publisher. |
| 692 | 07|2gccst|aGovernment policy |
| 692 | 07|2gccst|aOccupational health |
| 775 | 08|tNorme d'évaluation de santé professionnelle |w(CaOODSP)9.844195 |
| 856 | 40|qPDF|s169 KB|uhttps://publications.gc.ca/collections/collection_2018/sct-tbs/BT43-145-2013-eng.pdf |
| 856 | 4 |qHTML|sN/A|uhttps://www.tbs-sct.gc.ca/pol/doc-eng.aspx?id=12561 |